Daniel und die Offenbarung : Prophezeiungen für die Gegenwart /

Gespeichert in:
Bibliographische Detailangaben
1. Verfasser: Grujich, Lidja (autor)
Format: Buch
Sprache:German
Schlagworte:
Tags: Tag hinzufügen
Keine Tags, Fügen Sie das erste Tag hinzu!

MARC

LEADER 00000nam^a2200000^a^4500
001 000190905
005 20250521000000.0
009 20260310102506.993
025 |a Donación Lourdes Sierra, 1 ejemplar 
037 |a Acervo ITESO - Biblioteca 
041 |a ALE 
082 |a 224. 506  |b GRU 
100 |a Grujich, Lidja  |e (autor) 
245 1 0 |a Daniel und die Offenbarung :  |b Prophezeiungen für die Gegenwart /  |c L. Grujich. 
264 |a Alemania :  |b edición de autor,  |c 1995 
300 |a 160 p. 
336 |a texto  |b txt  |2 rdacontenido 
337 |a sin mediación  |b n  |2 rdamedio 
338 |a volumen  |b nc  |2 rdasoporte 
649 |a XX 
650 |a Profecías -  |x Tema Principal 
650 |a Biblia -  |x Antiguo Testamento -  |x Libros Proféticos (Mayores) -  |x Daniel -  |x Historia y Crítica 
650 |a Biblia -  |x Nuevo Testamento -  |x Apocalipsis 
650 |a Libros Sagrados -  |x Historia y Crítica 
650 |a Cristianismo 
650 |a Religión 
910 |a Fondo General 
920 |a Impresos - Libros 
930 |a Colección General 
905 |a 101 
901 |a 0500134092  |b IT1  |c ACC  |i D  |u 20250521 
902 |a https://opac.biblio.iteso.mx/vufind/Record/000190905